00594nam a2200157 i 450000100060000000300090000600500170001500700030003200800410003510000330007624501280010926000730023730000300031071000640034085200320040470023ES-MaACL20230906170708.0t|040715s1984 sp ||||1| spa d1 aGarcía Mercadal, Fernando.13aLa casa mediterránea b: Museo Español de Arte Contemporáneo : octubre-noviembre 1984 / cFernando García Mercadal. a[Madrid] : bDirección General de Bellas Artes y Archivos, c1984. a144 p., lám. ; c22 cm.1 aEspaña. bDirección General de Bellas Artes y Archivos. aES-MaACLjL-8561 bR.107677